heartbreak in the hamptons - Nessa Barrett - Statistics

General Stats
  • This quiz has been taken 15 times
  • The average score is 176 of 220
Answer Stats
Hint Answer % Correct
a
100%
and
100%
be
100%
cryin'
100%
diamond
100%
diamonds
100%
Don't
100%
Hamptons
100%
Heartbreak
100%
I
100%
Chorus I'll
100%
in
100%
it
100%
mansion
100%
me
100%
money
100%
Outro Money
100%
run
100%
take
100%
the
100%
The
100%
you
100%
but
89%
can
89%
honey
89%
if
89%
I'm
89%
is
89%
isn't
89%
my
89%
romantic?
89%
Pre-Chorus So
89%
Yeah
89%
as
78%
Baby
78%
baby
78%
care
78%
get
78%
I'd
78%
it's
78%
Verse 1 Kiss
78%
love
78%
not
78%
trade
78%
Want
78%
ask
67%
damage
67%
for
67%
gangster
67%
happiness
67%
her
67%
need
67%
Oh
67%
or
67%
rather
67%
rich
67%
sad
67%
to
67%
buy
56%
can't
56%
careful
56%
never
56%
new
56%
Verse 2 Old
56%
remember
56%
savin'
56%
sins
56%
will
56%
won't
56%
all
44%
billionaire
44%
cash
44%
gonna
44%
Hearts
44%
Hold
44%
necklaces
44%
Pearls
44%
tame
44%
that
44%
they
44%
you're
44%
break
33%
Dance
33%
dance
33%
fall
33%
king
33%
leave
33%
pay
33%
soon
33%
forget
22%
greedy
22%
kill
22%
like
22%
Tear's
22%
watch
22%
down
11%
rainin'
0%
No matching quizzes found
Score Distribution
Percent of People with Each Score
Percentile by Number Answered
Your Score History
You have not taken this quiz